MARC

LEADER 00000nam0a2200000 4500
001 157361
005 20231101221946.0
010 |a 9780521664356 
035 |a (RuTPU)RU\TPU\book\170685 
035 |a RU\TPU\book\145221 
090 |a 157361 
100 |a 20090407d2008 m y0engy50 ba 
101 0 |a eng 
102 |a US 
105 |a a j 001zy 
200 1 |a English Vocabulary in Use. Upper-Intermediate  |f M. McCarthy, F. O'Dell 
205 |a 12th ed. 
210 |a New York  |c Cambridge University Press  |d 2008 
215 |a 309 p.  |c il. 
320 |a Index: p. 281-307. 
606 1 |a Английский язык  |x Учебные руководства и пособия  |x Пособия по развитию речи, разговорники  |2 stltpush  |3 (RuTPU)RU\TPU\subj\29074  |9 52486 
610 1 |a английский язык 
610 1 |a учебные пособия 
610 1 |a лексика 
610 1 |a разговорная речь 
610 1 |a упражнения 
686 |a Ш143.21-923.4  |2 rubbk 
700 1 |a McCarthy  |b M.  |g Michael 
701 1 |a O'Dell  |b F.  |g Felicity 
801 2 |a RU  |b 63413507  |c 20170616  |g PSBO 
942 |c BK